Größte Städte Ostsee - Statistiken

Allgemein
  • Dieses Quiz wurde 32 mal gespielt
  • Das Durchschnittsergebnis liegt bei 13 aus 20
Antwortstatistiken
Einwohner Antwort % Korrekt
205.000 Rostock
100%
684.000 Helsinki
93%
5.602.000 Sankt Petersburg
93%
487.000 Danzig
90%
667.000 Kopenhagen
90%
217.000 Lübeck
90%
621.000 Riga
90%
996.000 Stockholm
90%
253.000 Kiel
86%
438.000 Tallinn
86%
366.000 Malmö
72%
389.000 Stettin
62%
490.000 Kaliningrad
59%
216.000 Oulu
48%
206.000 Turku
45%
321.000 Espoo
38%
241.000 Gdynia
38%
152.000 Helsingborg
31%
159.000 Klaipėda
28%
145.000 Norrköping
17%
Keine übereinstimmenden Quizze gefunden
Verteilung der Resultate
Anzahl Personen mit jedem Resultat
Perzentil nach korrekt beantworteten Fragen
Ihre Resultats-Entwicklung
Sie haben dieses Quiz noch nicht gespielt